000 00803nam a2200253Ia 4500
003 OSt
005 20220918171303.0
006 a|||||r|||| 00| 0
007 ta
008 220917b |||||||| |||| 00| 0 eng d
020 _a9781472430045 (hbk)
_c6094.80
024 _a286,693
037 _b7138, 01/12/2015, Organge Books International
_cTextual
040 _aARTS
_cARTS
_beng
041 _2eng
_aeng
082 _aW:g, Q5
100 _aChaves Elisabeth K.
_935443
245 0 _aReviewing political criticism
_b Journals,intellectuals, and the state
260 _aSurrey
_bAshgate UK
_c2015
300 _a174p.
_ccm.
650 _aPOLITICAL SCIENCE
942 _hW:g, Q5
_cTEXL
_2CC
999 _c138807
_d138807